书目信息 |
| 题名: |
建筑美术考前技巧训练
|
|
| 作者: | 张奇 主编 | |
| 分册: | ||
| 出版信息: | 合肥 安徽科学技术出版社 2000.01 |
|
| 页数: | 100页 | |
| 开本: | 16开 | |
| 丛书名: | ||
| 单 册: | ||
| 中图分类: | TU-851 | |
| 科图分类: | ||
| 主题词: | 建筑艺术--关系 | |
| 电子资源: | ||
| ISBN: | 7-5337-1918-2 | |
| 000 | 00572nam0 2200193 45 | |
| 001 | 0009061995 | |
| 005 | 20010331094649.5 | |
| 010 | @a7-5337-1918-2@d30.00元 | |
| 100 | @a20000906d2000 km y0chiy0120 ea | |
| 101 | 0 | @achi |
| 105 | @a z 000yy | |
| 200 | 1 | @a建筑美术考前技巧训练@AJian Zhu Mei Shu Kao Qian JiQiao Xun Lian@f张奇 主编@FZhang Qi Zhu Bian |
| 210 | @a合肥@c安徽科学技术出版社@d2000.01 | |
| 215 | @a100页@d16开 | |
| 606 | 0 | @a建筑艺术@x关系 |
| 690 | @aTU-851@v3 | |
| 701 | 0 | @a张奇@4主编 |
| 801 | @aCN@bPftUser@c20000906 | |
| 905 | @dTU-851@eZH.328@b334589@f1 | |
| 建筑美术考前技巧训练/张奇 主编.-合肥:安徽科学技术出版社,2000.01 |
| 100页;16开 |
| ISBN 7-5337-1918-2:30.00元 |
| ● |
| 相关链接 |
|
|
|
正题名:建筑美术考前技巧训练
索取号:TU-851/ZH.328
 
预约/预借
| 序号 | 登录号 | 条形码 | 馆藏地/架位号 | 状态 | 备注 |
| 1 | 334589 | 203345898 | 建筑库101/101建筑库 16排3列4层/ [索取号:TU-851/ZH.328] | 在馆 |